000
00322nam a22001457a 4500
008
221110b ||||| |||| 00| 0 eng d
020
_a
2900133999395
041
_a
eng
080
_2
EIGHTH EDITION
_a
61
082
_a
61 BEC
100
_a
6
101
_a
MJK
245
_a
WORLD OF THE CELL
_c
BECKER'S
942
_2
udc
_c
BK
999
_c
58851
_d
58851